Statistics for Pan American Games Host Cities in a Map

Click here to take the quiz!

General Stats

  • This quiz has been taken 21 times
  • The average score is 15 of 17

Answers on the Map

Answers color-coded by a green-red scale on the quiz's map according to % correct below.
 

Answer Stats

YearCity% Correct
1951Buenos Aires
100%
1983Caracas
95%
1959Chicago
95%
1991Havana
95%
2019Lima
95%
1955Mexico City
95%
2007Rio de Janeiro
95%
2023Santiago
95%
2015Toronto
95%
2003Santo Domingo
89%
1963São Paulo
89%
1971Cali
84%
2011Guadalajara
84%
1987Indianapolis
84%
1979San Juan
84%
1967Winnipeg
84%
1995Mar del Plata
47%

Score Distribution

Percentile by Number Answered

Percent of People with Each Score

Your Score History

You have not taken this quiz